Statistics for Countries that border Brazil

Click here to take the quiz!

General Stats

  • This quiz has been taken 18 times
  • The average score is 8 of 9

Answer Stats

Answer% Correct
Argentina
100%
Bolivia
94%
Colombia
94%
Paraguay
94%
Peru
94%
Uruguay
94%
Guyana
89%
Suriname
89%
Venezuela
89%

Score Distribution

Percentile by Number Answered

Percent of People with Each Score

Your Score History

You have not taken this quiz